[Event "IRI-ch U16"]
[Site "Chess.com INT"]
[Date "2021.01.16"]
[Round "11"]
[White "Taghvaei, Iman"]
[Black "Ghadi Sahebi, Hosein"]
[Result "0-1"]
[WhiteElo "1596"]
[BlackElo "1817"]
[PlyCount "82"]
[EventDate "2021.01.16"]
[EventType "swiss"]
[EventRounds "11"]
[EventCountry "IRI"]
[SourceTitle "EXT 2022"]
[Source "ChessBase"]
[SourceDate "2021.10.06"]
[SourceVersion "1"]
[SourceVersionDate "2021.10.06"]
[SourceQuality "1"]

1. e4 c5 2. d4 cxd4 3. c3 d3 4. Qxd3 d6 5. Ne2 Nf6 6. Nd4 a6 7. f3 e6 8. c4 Nbd7 9. Be3 Qc7 10. b3 Be7 11. Nc3 b6 12. Be2 Bb7 13. 0-0 Rc8 14. Rfd1 0-0 15. Rac1 Ne5 16. Qd2 Nfd7 17. f4 Nc6 18. Bf3 Nxd4 19. Bxd4 Rfe8 20. Qf2 e5 21. Be3 exf4 22. Bxf4 Ne5 23. Qg3 Qc5+ 24. Kh1 Rcd8 25. Nd5 Bxd5 26. Rxd5 Qa3 27. Rc2 f6 28. h3 Rc8 29. Rcd2 Bf8 30. Bxe5 dxe5 31. Bg4 Rc5 32. Rd7 Rxc4 33. Qh4 Rc1+ 34. Kh2 Qc5 35. Qh5 Qg1+ 36. Kg3 Qe1+ 37. Kh2 Qg1+ 38. Kg3 Qe3+ 39. Kh4 g5+ 40. Qxg5+ Qxg5+ 41. Kg3 Rc3+ 0-1